Metódy zabezpečenia kvality hlasovej služby v sieťach VoIP

Guardado en:
Detalles Bibliográficos
Autor principal: Konečný, Matúš (Autor)
Otros Autores: Klučik, Stanislav (Orientador)
Formato: Manuscrito Libro
Lenguaje:eslovaco
Publicado: 2016
Materias:
Acceso en línea:http://is.stuba.sk/zp/portal_zp.pl?podrobnosti=116715
Etiquetas: Agregar Etiqueta
Sin Etiquetas, Sea el primero en etiquetar este registro!

MARC

LEADER 00000ntm a22000003a 4500
001 stuzp54391
003 SK-STU
005 20160722111948.2
007 ta
008 150427s2015----xo-----f-mn---000-0-slo-d
040 |a STU  |b slo 
041 0 |a slo 
044 |a xo 
100 1 |a Konečný, Matúš  |u 037000  |k Z4  |4 aut  |U FEI Fakulta elektrotechniky a informatiky  |T FEI Ústav telekomunikácií  |X 6255  |U E070  |Y 818  |7 A000006255 
242 0 1 |a Methods for ensuring quality of service in VoIP networks  |y eng 
245 1 0 |a Metódy zabezpečenia kvality hlasovej služby v sieťach VoIP 
260 |c 2016 
300 |a 87 s., príl. 
650 4 |a QoS  |2 slo 
650 4 |a DiffServ  |2 slo 
650 4 |a DSCP  |2 slo 
650 4 |a LLQ  |2 slo 
650 4 |a IxChariot  |2 slo 
650 4 |a VoIP  |2 slo 
650 4 |a QoS  |2 eng 
650 4 |a VoIP  |2 eng 
650 4 |a DiffServ  |2 eng 
650 4 |a DSCP  |2 eng 
650 4 |a LLQ  |2 eng 
650 4 |a IxChariot  |2 eng 
700 1 |a Klučik, Stanislav  |u 037000  |k Z2  |4 ths  |U FEI Fakulta elektrotechniky a informatiky  |T FEI Ústav telekomunikácií  |X 12559  |U E070  |Y 818  |7 A000012559 
856 4 |u http://is.stuba.sk/zp/portal_zp.pl?podrobnosti=116715 
996 |b 284EP11378  |c E*DIPL- 11378  |l EE37  |s P  |a 0  |w stuzp54391_0001 
SQL |a stuzp54391  |b DDP  |c SLO  |d Metódy zabezpečenia kvality hlasovej služby v sieťach VoIP  |e 6255  |f Konečný, Matúš  |g 037000  |h 12559  |i Klučik, Stanislav  |j 20160614  |k 86  |l 03  |m http://is.stuba.sk/zp/portal_zp.pl?podrobnosti=116715  |n I-TLK  |o 5.2.15. telekomunikácie